Analýza dôležitosti publikácií a publikačnej činnosti na vysokých školách: Ako a prečo efektívne publikovať

Prečo, kde a ako publikovať. Základné kritériá pre efektívne publikovanie. Požadovaná štruktúra článku. Analýza slabých stránok publikácií. Ukážky.

Salvato in:
Dettagli Bibliografici
Autore principale: Audy, Jaromír
Natura: Capitolo di libro
Lingua:slovacco
Soggetti:
Tags: Aggiungi Tag
Nessun Tag, puoi essere il primo ad aggiungerne!!

MARC

LEADER 00000naa$a2200000$$$4500
001 0094005
005 20231114073150.2
041 0 |a slo 
044 |a SK 
245 1 0 |a Analýza dôležitosti publikácií a publikačnej činnosti na vysokých školách: Ako a prečo efektívne publikovať  |c Jaromír Audy 
520 |a Prečo, kde a ako publikovať. Základné kritériá pre efektívne publikovanie. Požadovaná štruktúra článku. Analýza slabých stránok publikácií. Ukážky. 
610 2 0 |a školy vysoké 
610 2 0 |a efektívnosť 
610 2 0 |a články 
610 2 0 |a činnosť publikačná 
100 1 |a Audy, Jaromír